00657 a2200241 4500260001000000630001800010037001300028650003900041100001800080260001200098245009100110300001000201650002400211650002700235260000900262300001100271100000700282440002600289037001100315037001100326250006000337020001800397 aParis a57 - Biologie b2, Achat a5 - SCIENCES EXACTES ET NATURELLES aKruh, Jacques bHermann aBiochimie : Etudes médicales et biologiques. 1, biologie cellulaire et moléculaire a184p. aBiologie cellulaire aBiologie moléculaire c1992 b21 cm. lFr aCollection Méthodes aS 3620 aS 3208 aNouv. entièrement refondue, augmentée et remaniée a2-7057-5939-0